|
|
|
|
| LEADER |
00000cam a2200000 c 4500 |
| 001 |
1082918377 |
| 003 |
DE-627 |
| 005 |
20251224215943.0 |
| 007 |
tu |
| 008 |
870706s1986 xx ||||| m 00| ||ger c |
| 035 |
|
|
|a (DE-627)1082918377
|
| 035 |
|
|
|a (DE-576)012918377
|
| 035 |
|
|
|a (DE-599)BSZ012918377
|
| 035 |
|
|
|a (DE-604)8006193943
|
| 040 |
|
|
|a DE-627
|b ger
|c DE-627
|e rakwb
|
| 041 |
|
|
|a ger
|
| 082 |
0 |
|
|a 344.30618
|
| 082 |
0 |
|
|a 346.4301/8
|
| 084 |
|
|
|a PD 7860
|2 rvk
|0 (DE-625)rvk/135385:
|
| 084 |
|
|
|a 86.22
|2 bkl
|
| 100 |
1 |
|
|a Balks, Erich
|4 aut
|
| 245 |
1 |
4 |
|a Die Vorgeschichte des § 1666 BGB
|c vorgelegt von Erich Balks
|
| 246 |
3 |
0 |
|a Paragraph eintausendsechshundertsechsundsechzig Bürgerliches Gesetzbuch
|
| 264 |
|
1 |
|c 1986
|
| 300 |
|
|
|a XXXIII, 265, O S.
|
| 336 |
|
|
|a Text
|b txt
|2 rdacontent
|
| 337 |
|
|
|a ohne Hilfsmittel zu benutzen
|b n
|2 rdamedia
|
| 338 |
|
|
|a Band
|b nc
|2 rdacarrier
|
| 502 |
|
|
|a Bielefeld, Univ., Diss., 1986
|
| 655 |
|
7 |
|a Hochschulschrift
|0 (DE-588)4113937-9
|0 (DE-627)105825778
|0 (DE-576)209480580
|2 gnd-content
|
| 689 |
0 |
0 |
|d g
|0 (DE-588)4011882-4
|0 (DE-627)104704861
|0 (DE-576)208896155
|a Deutschland
|2 gnd
|
| 689 |
0 |
1 |
|d s
|0 (DE-588)4030653-7
|0 (DE-627)106269151
|0 (DE-576)208988505
|a Kindeswohl
|2 gnd
|
| 689 |
0 |
2 |
|d s
|0 (DE-588)4048737-4
|0 (DE-627)106189719
|0 (DE-576)20907907X
|a Recht
|2 gnd
|
| 689 |
0 |
3 |
|a z
|2 gnd
|a Geschichte
|
| 689 |
0 |
|
|5 (DE-627)
|
| 689 |
1 |
0 |
|d g
|0 (DE-588)4011889-7
|0 (DE-627)104732423
|0 (DE-576)208896201
|a Deutschland
|g Bundesrepublik
|2 gnd
|
| 689 |
1 |
1 |
|d s
|0 (DE-588)4030653-7
|0 (DE-627)106269151
|0 (DE-576)208988505
|a Kindeswohl
|2 gnd
|
| 689 |
1 |
2 |
|d s
|0 (DE-588)4048737-4
|0 (DE-627)106189719
|0 (DE-576)20907907X
|a Recht
|2 gnd
|
| 689 |
1 |
3 |
|a z
|2 gnd
|a Geschichte
|
| 689 |
1 |
|
|5 (DE-627)
|
| 689 |
2 |
0 |
|d s
|0 (DE-588)4163856-6
|0 (DE-627)105451681
|0 (DE-576)209884304
|a Kinderschutzrecht
|2 gnd
|
| 689 |
2 |
1 |
|a z
|2 gnd
|a Geschichte
|
| 689 |
2 |
|
|5 (DE-627)
|
| 751 |
|
|
|a Bielefeld
|0 (DE-588)4006510-8
|0 (DE-627)106377272
|0 (DE-576)20886590X
|4 uvp
|
| 936 |
r |
v |
|a PD 7860
|b Elterliche Sorge, Erziehungsrecht, Religiöse Kindererziehung, Umgangsrecht, Pflegekindschaft
|k Rechtswissenschaft
|k Bürgerliches Recht, Privatrecht allgemein
|k Familienrecht
|k Kindschaftsrecht
|k Elterliche Sorge, Erziehungsrecht, Religiöse Kindererziehung, Umgangsrecht, Pflegekindschaft
|0 (DE-627)1271194880
|0 (DE-625)rvk/135385:
|0 (DE-576)201194880
|
| 936 |
b |
k |
|a 86.22
|j Familienrecht
|q coli-conc RVK->BK
|q https://coli-conc.gbv.de/api/mappings/43475976-dfe4-45ac-baba-38749f42cb5e
|0 (DE-627)106413406
|
| 951 |
|
|
|a BO
|
| ELC |
|
|
|b 1
|
| LOK |
|
|
|0 000 xxxxxcx a22 zn 4500
|
| LOK |
|
|
|0 001 2098245556
|
| LOK |
|
|
|0 003 DE-627
|
| LOK |
|
|
|0 004 1082918377
|
| LOK |
|
|
|0 005 20140617121513
|
| LOK |
|
|
|0 008 930609||||||||||||||||ger|||||||
|
| LOK |
|
|
|0 040
|a DE-21-110
|c DE-627
|d DE-21-110
|
| LOK |
|
|
|0 689
|a s
|a Kindeswohl
|
| LOK |
|
|
|0 689
|a s
|a Personensorge
|
| LOK |
|
|
|0 852
|a DE-21-110
|
| LOK |
|
|
|0 852 1
|c G III 23
|m p
|9 00
|
| LOK |
|
|
|0 935
|a k110
|
| LOK |
|
|
|0 936ln
|a 4.2.4
|
| LOK |
|
|
|0 938
|k p
|
| LOK |
|
|
|0 939
|a 09-06-93
|b l01
|
| ORI |
|
|
|a SA-MARC-krimdoka001.raw
|
| SIG |
|
|
|a IFK: G III 23
|
| TIM |
|
|
|a 100019901003_100020261231
|b 1990-10-03 - 2026
|